000 00300nam a22001337a 4500
999 _c259427
_d259426
003 OSt
005 20220927143312.0
008 220927b xxu||||| |||| 00| 0 eng d
040 _cN/A
100 _aPaul Johnson
245 _aChurchill
260 _aNew York
_bPenguin Group
_c2009
942 _2lcc
_cBK